000
00287nam a22001337a 4500
008
230419b ||||| |||| 00| 0 eng d
041
_a
eng
080
_a
030
082
_a
030TRE
100
_a
44
101
_a
ENCI
245
_a
SHADES OG THE ALHAMBRA
_c
TREVELYAN.R
942
_2
udc
_c
BK
999
_c
59607
_d
59607